[Ars notariae / de Salatiel Bonaniense]
MARC
| LEADER | 00000nam a2200000Ia 4500 | ||
|---|---|---|---|
| 001 | 17843, 17844 | ||
| 008 | 160829s1996 xx 000 0 cat d | ||
| 020 | |a 84-922020-0-9 (facsímil) ; 84-922020-1-7 (traducció) | ||
| 080 | |a D-3-100 | ||
| 100 | |a Salatiel, Bononiensis |9 34602 | ||
| 245 | |a [Ars notariae / de Salatiel Bonaniense] | ||
| 260 | |a Barcelona : |b Anaya Beltrán, |c 1996 | ||
| 300 | |a 86, [2] f. ; |c 32 cm + 1 v. d'acompanyament (en paginació múltiple ; |c 32 cm) | ||
| 590 | |a Facsímil del manuscrit 284 de la Biblioteca de Catalunya. | ||
| 590 | |a Títol i menció de responsabilitat extrets del certificat de l'editor. | ||
| 590 | |a Text en llatí. | ||
| 590 | |a Vol. d'acompanyament: Ars notariae (técnica notarial) de Salatiel Bonaniense (siglo XIV) : transcripción y traducción / [transcipción: Núria Téllez ; traducción: Pere-Enric Barreda]. | ||
| 590 | |a Vol. d'acompanyament: transcripció al llatí i traducció al castellà. | ||
| 650 | |a Bononiensis, Salatiel. Ars notariae |9 34603 | ||
| 650 | |a Notariat |x Obres anteriors a 1800 |9 34604 | ||
| 650 | |a Manuscrits llatins medievals i moderns |x Barcelona |x Facsímil |9 34605 | ||
| 700 | |a Téllez, Núria, tr. |9 34606 | ||
| 700 | 1 | |a Barreda i Edo, Pere-Enric |9 34607 | |
| 901 | |a Arxiu | ||
| 942 | |n 1 | ||
| 952 | |0 0 |1 0 |4 0 |6 D3100 |7 1 |9 46582 |a Arxiu |b Arxiu |d 2016-12-01 |l 0 |o D-3-100 |p 17843, 17844 |r 2016-12-01 00:00:00 |w 2016-12-01 |y ARXIU | ||
| 999 | |c 50375 |d 50375 | ||